Tips for Teams <A> Ready Reference for Solving Common Team Problems

Guardado en:
Detalles Bibliográficos
Autor principal: Fisher, Kimball
Otros Autores: Rayner, Steven, Belgard, William
Formato: Libro
Lenguaje:inglés
Publicado: New York MacGraw-Hill 1995
Edición:1. ed.
Materias:
Etiquetas: Agregar Etiqueta
Sin Etiquetas, Sea el primero en etiquetar este registro!

MARC

LEADER 00000nam a2200000 4500
001 c014347
005 20221205133624.3
020 |a 0-07-021224-4 
041 0 |a eng 
044 |a US 
245 1 0 |a Tips for Teams  |b <A> Ready Reference for Solving Common Team Problems  |c Kimball Fisher, Steven Rayner, William Belgard 
250 |a 1. ed. 
264 1 |a New York  |b MacGraw-Hill  |c 1995 
300 |a 229 s. 
610 2 0 |a práca kolektívna 
610 2 0 |a práca riadiaca 
610 2 0 |a manažéri 
610 2 0 |a metódy organizácie 
610 2 0 |a metódy riadenia 
610 2 0 |a psychológia práce 
610 2 0 |a psychológia riadenia 
100 1 |a Fisher, Kimball 
700 1 |a Rayner, Steven 
700 1 |a Belgard, William